=LDR 00000nam 2200000 4500 =001 INLIS000000000055094 =005 20200312095857 =035 ##$$a 0010-0320000201 =007 ta =008 200312###########################0#ind## =020 ##$$a 978-602-1130-15-5 =082 ##$$a 590 =084 ##$$a 590 Nur p =245 1#$$a Petualangan seru mengenal 30 binatang bercahaya /$c Nurul Khafidoh =250 ##$$a cet 1 =300 ##$$a 132 halaman : $b Ilustrasi ; $c 23 cm =650 #4$$a Binatang ( Bacaan kanak - kanak ) =700 #$$a Penyunting ; M.Lukman Hakiem =264 ##$$a Surakarta :$b Visi Mandiri,$c 2014 =336 ##$$a Teks$2 rdacontent =337 ##$$a lain-lain$2 rdamedia =338 ##$$a lain-lain$2 rdacarrier =990 ##$$a 19231923 =990 ##$$a 19231923